Beach walk around Africa - Statistics

General Stats
  • This quiz has been taken 51 times
  • The average score is 33 of 37
Answer Stats
Country % Correct
Angola
100%
Democratic Republic of the Congo
100%
Namibia
100%
Benin
98%
Cameroon
98%
Equatorial Guinea
98%
Gabon
98%
Ghana
98%
Ivory Coast
98%
Liberia
98%
Nigeria
98%
Republic of the Congo
98%
Togo
98%
Senegal
95%
Sierra Leone
95%
Angola
93%
Gambia
93%
Morocco
93%
Senegal
93%
Guinea
90%
Guinea-Bissau
90%
Algeria
83%
Mauritania
83%
Morocco
83%
Spain
83%
Tunisia
83%
Egypt
80%
Eritrea
80%
Libya
80%
Spain
80%
Sudan
80%
Djibouti
78%
Morocco
78%
Kenya
76%
Mozambique
76%
Somalia
76%
Tanzania
73%
No matching quizzes found
Score Distribution
Percent of People with Each Score
Percentile by Number Answered
Your Score History
You have not taken this quiz